Statistiche per Riconosci il Calciatore - Quiz n°517

Clicka qui per fare il quiz!

Statistiche generali

  • Questo quiz è stato fatto 3 volte
  • Il punteggio medio è 14 su 21

Statistiche sulle risposte

IndizioRisposta% Corretto
Squadra di club 8Al-Ain Saudi 2020-2021
100%
Squadra di club 2Bologna 2011-2013
100%
Squadra di club 6Bologna 2015-2018
100%
RuoloCentrocampista
100%
NazionalitàFrancia / Algeria
100%
Squadra di club 1Grenoble 2010-2011
100%
Squadra di club 3Inter 2013-2014
100%
Squadra di club 7Montréal Impact 2018-2020
100%
Squadra di club 5Sassuolo 2014-2015
100%
Squadra di club 4Southampton 2014-2014
100%
Data di nascita29/02/1992
67%
Trofei individuali0
33%
Trofei per nazionali0
33%
Altezza180 cm
33%
Presenze nei club298
33%
Gol nei club42
33%
Presenze in nazionale46
33%
Gol in nazionale5
33%
Peso77 kg
33%
Trofei per clubCanadian Championship: 1
Montreal Impact: 2019
33%
CalciatoreSaphir Taïder
33%

Distribuzione punteggi

Percentile per numero di risposta

Percentuale di utenti per punteggio

I tuoi punteggi nel tempo

Non hai fatto questo quiz